Ions, electrons, and ionizing radiations
Đã lưu trong:
| Tác giả chính: | |
|---|---|
| Định dạng: | Sách |
| Ngôn ngữ: | Tiếng Anh |
| Được phát hành: |
Londres
Edward Arnold
1949
|
| Phiên bản: | 8a. ed |
| Những chủ đề: | |
| Các nhãn: |
Thêm thẻ
Không có thẻ, Là người đầu tiên thẻ bản ghi này!
|
MARC
| LEADER | 00000nam a2200000 a 4500 | ||
|---|---|---|---|
| 001 | UCU3735 | ||
| 003 | CL-VaPUC | ||
| 008 | 960510e19490000UK |||||||||||||||||eng|d | ||
| 082 | 0 | 4 | |a 539.72 |b CRO |2 21 |
| 100 | 0 | |a Crowther, James Arnold |e author |9 360836 | |
| 245 | 1 | 0 | |a Ions, electrons, and ionizing radiations |
| 250 | |a 8a. ed | ||
| 300 | |a 322 p | ||
| 942 | |c BK | ||
| 945 | |d 19960510 00:00:00 |a paguirre | ||
| 260 | |a Londres |b Edward Arnold |c 1949 | ||
| 650 | 7 | |a IONES |2 CL-VaPUC |9 337399 | |
| 650 | 0 | |a Átomos |9 259583 | |
| 650 | 0 | |a Núcleos atómicos |9 357366 | |
| 650 | 7 | |a PLASMAS |2 CL-VaPUC |9 337383 | |
| 650 | 7 | |a RADIACTIVIDAD |2 CL-VaPUC |9 354956 | |
| 650 | 7 | |a RADIACION IONIZANTE |2 CL-VaPUC |9 313661 | |
| 583 | |a last modification |c 19960510 00:00:00 |k Rodrigo Vera | ||
| 999 | |c 247641 |d 247639 | ||
| 952 | |0 0 |1 0 |4 0 |6 539_720000000000000_CRO_1949 |7 0 |8 A |9 263703 |a BIBING |b BIBING |d 2019-11-19 |i 1658972 |o 539.72 CRO 1949 |p 1658972 |r 2025-01-20 |w 2019-11-19 |y BK |k EIE | ||